Stati con più Cristiani in Europa - Statistics

Statistiche generali
  • Questo quiz è stato fatto 41 volte
  • Il punteggio medio è 9 su 10
Statistiche sulle risposte
Cristiani (in numeri assoluti) Stato % Corretto
40 000 000 Francia
100%
53 230 000 Italia
100%
50 000 000 Germania
97%
33 000 000 Spagna
97%
36 090 000 Polonia
94%
10 110 000 Portogallo
91%
11 000 000 Grecia
88%
18 067 000 Romania
88%
33 200 000 Regno Unito
79%
38 080 000 Ucraina
79%
Nessun quiz corrispondente trovato
Distribuzione punteggi
Percentuale di utenti per punteggio
Percentile per numero di risposta
I tuoi punteggi nel tempo
Non hai fatto questo quiz